| 000 -CABECERA |
| Campo de control de longitud fija |
00699nam a22001937a 4500 |
| 005 - FECHA Y HORA DE LA ÚLTIMA TRANSACCIÓN |
| Campo de control |
20211122144119.0 |
| 008 - CAMPO FIJO DE DESCRIPCIÓN FIJA--INFORMACIÓN GENERAL |
| Campo de control de longitud fija |
211122b ||||| |||| 00| 0 eng d |
| 020 ## - ISBN (INTERNATIONAL STANDARD BOOK NUMBER) |
| ISBN |
9788408249184 |
| 040 ## - FUENTE DE CATALOGACIÓN |
| Agencia de catalogación original |
CDMR |
| 100 ## - ENCABEZAMIENTO PRINCIPAL--NOMBRE PERSONAL |
| 9 (RLIN) |
4714 |
| Nombre de persona |
Lafuente, Isaías |
| 245 ## - MENCIÓN DE TÍTULO |
| Título |
Clara Victoria: |
| Parte restante del título |
la crónica del debate que cambió la historia de las mujeres |
| Mención de responsabilidad, etc. |
/ Isaías Lafuente; [Helena Pérez García ilustradora] |
| 260 ## - PUBLICACIÓN, DISTRIBUCIÓN, ETC (PIE DE IMPRENTA) |
| Lugar de publicación, distribución, etc. |
Barcelona: |
| Nombre del editor, distribuidor, etc. |
Planeta, |
| Fecha de publicación, distribución, etc. |
2021 |
| 300 ## - DESCRIPCIÓN FÍSICA |
| Extensión |
281 pàgines : |
| Otros detalles físicos |
il·lustracions; |
| Dimensiones |
26 cm |
| 600 #0 - ASIENTO SECUNDARIO DE MATERIA--NOMBRE PERSONAL |
| 9 (RLIN) |
4717 |
| Nombre de persona |
Campoamor, Clara |
| 600 #0 - ASIENTO SECUNDARIO DE MATERIA--NOMBRE PERSONAL |
| 9 (RLIN) |
4718 |
| Nombre de persona |
Kent, Victoria |
| 650 #0 - ASIENTO SECUNDARIO DE MATERIA--TÉRMINO DE MATERIA |
| 9 (RLIN) |
2913 |
| Nombre de materia o nombre geográfico como elemento de entrada |
Dones periodistes |
| Subdivisión geográfica |
Espanya |
| Subdivisión general |
Biografia |
| 650 #0 - ASIENTO SECUNDARIO DE MATERIA--TÉRMINO DE MATERIA |
| 9 (RLIN) |
4715 |
| Nombre de materia o nombre geográfico como elemento de entrada |
Dones |
| Subdivisión general |
Sufragi |
| Subdivisión geográfica |
Espanya |
| Subdivisión cronológica |
Segle XX |
| 942 ## - ELEMENTOS KOHA |
| Fuente de clasificación o esquema de ordenación en estanterías |
|
| Koha tipo de item |
Monografies |